Lecciones espirituales para las tandas de Ejercicios de S. Ignacio, dadas a los indios en el idioma mexicano / (Registro nro. 157392)

Detalles MARC
000 -LEADER
campo de control de longitud fija 00804nam a22001935i 4500
001 - NÚMERO DE CONTROL
campo de control 157392
003 - IDENTIFICADOR DE NÚMERO DE CONTROL
campo de control ES-MaACL
005 - FECHA Y HORA DE LA ÚLTIMA TRANSACCIÓN
campo de control 20230906210655.0
008 - DATOS DE LONGITUD FIJA--INFORMACIÓN GENERAL
campo de control de longitud fija 040823s1841 mx |||| | nah d
040 ## - FUENTE DE CATALOGACIÓN
Centro catalogador/agencia de origen CAM
Lengua de catalogación spa
Centro/agencia transcriptor CAM
245 00 - MENCIÓN DEL TÍTULO
Título Lecciones espirituales para las tandas de Ejercicios de S. Ignacio, dadas a los indios en el idioma mexicano /
Mención de responsabilidad, etc. compuestas por un sacerdote del Obispado de la Puebla de los Ángeles.
260 ## - PUBLICACIÓN, DISTRIBUCIÓN, ETC.
Lugar de publicación, distribución, etc. Puebla :
Nombre del editor, distribuidor, etc. [s.n.],
Fecha de publicación, distribución, etc. 1841 (
Fabricante Imp. Antigua en el Portal de las flores)
300 ## - DESCRIPCIÓN FÍSICA
Extensión 213 p. ;
Dimensiones 15 cm.
594 ## - Nota al título y mención de responsabilidad
Nota al título y mención de responsabilidad Prólogo, "firmado": J.J.P.
600 04 - PUNTO DE ACCESO ADICIONAL DE MATERIA--NOMBRE DE PERSONA
Nombre de persona Ignacio de Loyola
Títulos y otros términos asociados al nombre , Santo.
9 (RLIN) 65147
650 04 - PUNTO DE ACCESO ADICIONAL DE MATERIA--TÉRMINO DE MATERIA
Término de materia o nombre geográfico como elemento de entrada Ejercicios espirituales.
9 (RLIN) 12133
650 #4 - PUNTO DE ACCESO ADICIONAL DE MATERIA--TÉRMINO DE MATERIA
Término de materia o nombre geográfico como elemento de entrada Indios de México-
Subdivisión general Lenguas.
9 (RLIN) 13697
852 ## - LOCALIZACIÓN
Ubicación ES-MaACL
Número de control de estantería Z-247
Encuadernación Olim: G-1395
Nota libre -- Enc. pasta española
Existencias
Estatus retirado Estado de pérdida Estado de daño No para préstamo Colección Biblioteca de origen Biblioteca actual Ubicación en estantería Fecha de adquisición Total de préstamos Signatura topográfica completa Código de barras Visto por última vez Precio de reemplazo Tipo de ítem Koha
        Libros del s. XIX Biblioteca del Ateneo de Madrid Biblioteca del Ateneo de Madrid Depósito Z 17/01/2008   Z-247 1164709 23/02/2023 23/02/2023 Libro impreso antiguo